00233nam a2200097Ia 4500008004100000100001700041245003200058260002800090300000900118650000800127191201s2018 xx 000 0 und d aSHEKHAR, K C 0aBanking Theory and Practice bVikash Pub. Housec2018 a1039 aBBA